=LDR 00000nam 2200000 4500 =001 INLIS000000000007490 =005 20200528082939 =035 ##$$a 0010-061300000007490 =008 200528################g##########0#ind## =041 ##$$a Ind =082 ##$$a 2x4.124 =090 ##$$a 2x4.12, Sol i =100 ##$$a Solihin, Ustadz H. Achmad =245 1#$$a Khotbah pilihan seri A. : $b Ibadah /$c Ustadz H. Achmad Solihin, Ii sufyana m bakri; Penyunting, Wika nengsih =260 ##$$a Bandung :$b Sinar baru algensindo,$c 1996 =300 ##$$a vii, 173 hlm ; $c 14,5 x 20,5 cm =650 #4$$a Islam-Khotbah =084 ##$$a 2x4.124 SOL k =250 ##$$a Cet. 1 =990 ##$$a 102.302/Pro-96 =990 ##$$a 00084519 =990 ##$$a 11321132 =990 ##$$a 141.283/Pro. 99 =990 ##$$a 102.302/Pro-96 =990 ##$$a 00084519 =990 ##$$a 00084519 =990 ##$$a 102.302/Pro-96 =990 ##$$a 141.283/Pro. 99 =990 ##$$a 141.283/Pro. 99 =990 ##$$a 102.302/Pro-96 =990 ##$$a 00084519 =990 ##$$a 102.302/Pro-96 =990 ##$$a 00084519 =990 ##$$a 141.283/Pro. 99